| 000 | 00770nam a2200229Ia 4500 | ||
|---|---|---|---|
| 001 | 7961 | ||
| 003 | GE_BSU | ||
| 008 | 181216s||||||||xx |||||||||||||| ||und|| | ||
| 040 | _cGE_BSU | ||
| 080 | _a544.1(075) | ||
| 100 | _aКиседев,Е.В. Каретникова,Г.С. Кудряшов,И.В. | ||
| 245 | _aСборник примеров и задач по физической химии. | ||
| 245 | _bУчебник. | ||
| 245 | _cРед.Т.П.Федорова. | ||
| 250 | _aИзд 4-ое, доп. и перераб. | ||
| 260 | _aМ. | ||
| 260 | _bВысш. школа. | ||
| 260 | _c1976. | ||
| 300 | _a381 стр. с илл. 22 см. | ||
| 653 | _aСборник примеров и задач по физической химии. | ||
| 942 | _cBK | ||
| 999 |
_c41304 _d41304 |
||